Sports Quiz

Random Sports or Clickable Quiz

What sport do I play? Olympics edition (clickable) Quiz Stats

 Plays Quiz not verified by Sporcle

Score 0/40 Timer 05:00
0 Plays Today
% Correct
Men's Tennis
84%
Women's Athletics (Track and Field)
69.9%
Women's Swimming
68.8%
Men's Diving
66%
Men's Cycling, Road
65.2%
Men's Cycling, Track
61%
Women's Tennis
61%
Men's Basketball
55.2%
Women's Cycling, Track
54.3%
Women's Equestrian
53.9%
Men's Athletics (Track and Field)
52.1%
Women's Volleyball, Beach
50%
Men's Football (soccer)
47.4%
Men's Triathlon
43.6%
Women's Boxing
40.1%
Men's Swimming
37.2%
Women's Cycling, Road
34.8%
Women's Gymnastics, Artistic
33%
Men's Boxing
29.5%
Women's Basketball
26.9%
% Correct
Women's Football (soccer)
24.8%
Men's Gymnastics, Artistic
23%
Women's Fencing
21.6%
Men's Archery
19.9%
Women's Diving
19.5%
Men's Weightlifting
18.4%
Men's Canoeing and Kayaking
18.1%
Men's Cycling, BMX
17.4%
Men's Gymnastics, Trampoline
15.6%
Men's Rowing
15.2%
Women's Weightlifting
14.2%
Men's Field Hockey
13.4%
Women's Badminton
13.1%
Women's Gymnastics, Trampoline
12.8%
Women's Synchronized Swimming
12.1%
Men's Sailing
11.3%
Women's Judo
10.3%
Men's Wrestling
7.5%
Women's Wrestling
6.4%
Men's Wrestling, Greco-Roman
4.3%

You're not logged in!

Compare scores with friends on all Sporcle quizzes.
OR
Log In

You Might Also Like...

Show Comments

Extras

Top Quizzes Today


Score Distribution

Your Account Isn't Verified!

In order to create a playlist on Sporcle, you need to verify the email address you used during registration. Go to your Sporcle Settings to finish the process.

Report this User

Report this user for behavior that violates our Community Guidelines.

Details: